| 000 | 00668nam a2200265 a 4500 | ||
|---|---|---|---|
| 005 | 20140310183317.0 | ||
| 008 | 051118s19uu xx 00 eng d | ||
| 020 | _a9812593470 | ||
| 050 |
_aRC 440 _b.St929 2005 |
||
| 100 | _aStuart, Gail W. | ||
| 245 |
_aPrinciples and practice of pychiatric nursing / _cGail W. Stuart. |
||
| 250 | _a8th | ||
| 260 |
_aSingapore : _bElseviere, _c2005. |
||
| 300 |
_a900 p. : _c25 cm. |
||
| 521 | _aNUR | ||
| 650 | _aPsychiatric Nursing. | ||
| 700 | _aLaraia, Michele | ||
| 942 |
_cBK _2lcc _kFOR |
||
| 999 |
_c21305 _d21305 |
||